MARC details
| 000 -LEADER |
| campo de control de longitud fija |
02006nam a2200493 i 4500 |
| 001 - NÚMERO DE CONTROL |
| campo de control |
MOR01000101390 |
| 003 - IDENTIFICADOR DE NÚMERO DE CONTROL |
| campo de control |
$$amxdfmo |
| 005 - FECHA Y HORA DE LA ÚLTIMA TRANSACCIÓN |
| campo de control |
20260331230541.0 |
| 008 - DATOS DE LONGITUD FIJA--INFORMACIÓN GENERAL |
| campo de control de longitud fija |
750530s1973 sp ao g z000 0 spa |
| 020 ## - NÚMERO INTERNACIONAL ESTÁNDAR DEL LIBRO |
| Número Internacional Estándar del Libro |
8471020920 (edición completa) |
| 020 ## - NÚMERO INTERNACIONAL ESTÁNDAR DEL LIBRO |
| Número Internacional Estándar del Libro |
8471020933 (tomo 1) |
| 020 ## - NÚMERO INTERNACIONAL ESTÁNDAR DEL LIBRO |
| Número Internacional Estándar del Libro |
8471020947 (tomo 2) |
| 020 ## - NÚMERO INTERNACIONAL ESTÁNDAR DEL LIBRO |
| Número Internacional Estándar del Libro |
8471020955 (tomo 3) |
| 035 ## - NÚMERO DE CONTROL DEL SISTEMA |
| Número de control de sistema |
160090 |
| 040 ## - FUENTE DE CATALOGACIÓN |
| Centro catalogador/agencia de origen |
mxcmmo |
| Lengua de catalogación |
spa |
| Centro/agencia transcriptor |
mxcmmo |
| Normas de descripción |
rda |
| 082 04 - NÚMERO DE LA CLASIFICACIÓN DECIMAL DEWEY |
| Número de clasificación |
133.4 |
| Número de ítem |
HIS.d |
| 245 00 - MENCIÓN DEL TÍTULO |
| Título |
Historia del mundo insólito |
| Resto del título |
: magia-ritos-símbolos/ |
| Mención de responsabilidad, etc. |
Manuel Marín Correa, plan general de la obra ; José Berruezo [y otros] |
| 264 #1 - PRODUCCIÓN, PUBLICACIÓN, DISTRIBUCIÓN, FABRICACIÓN Y COPYRIGHT |
| Producción, publicación, distribución, fabricación y copyright |
Barcelona, España: |
| Nombre del de productor, editor, distribuidor, fabricante |
Editorial Marín, |
| Fecha de producción, publicación, distribución, fabricación o copyright |
1973 |
| 300 ## - DESCRIPCIÓN FÍSICA |
| Extensión |
3 volúmenes: |
| Otras características físicas |
ilustraciones, fotografías (algunas a color); |
| Dimensiones |
27 cm |
| 336 ## - TIPO DE CONTENIDO |
| Término de tipo de contenido |
texto |
| Código de tipo de contenido |
txt |
| Fuente |
rdacontent |
| 337 ## - TIPO DE MEDIO |
| Nombre/término del tipo de medio |
sin medio |
| Código del tipo de medio |
n |
| Fuente |
rdamedia |
| 338 ## - TIPO DE SOPORTE |
| Nombre/término del tipo de soporte |
volumen |
| Código del tipo de soporte |
nc |
| Fuente |
rdacarrier |
| 490 0# - MENCIÓN DE SERIE |
| Mención de serie |
Gran Biblioteca Marín |
| 505 0# - NOTA DE CONTENIDO CON FORMATO |
| Nota de contenido con formato |
Tomo 1. El mundo de la magia. Brujería. Demonología. Posesión y chamanismo. Parapsicología, ciencia de lo inexplicable -- Tomo 2. Grupos secretos. Rito y costumbre -- Tomo 3. Introdución a la simbología. El hombre y sus obras. Cosmos viviente |
| 650 #7 - PUNTO DE ACCESO ADICIONAL DE MATERIA--TÉRMINO DE MATERIA |
| Término de materia o nombre geográfico como elemento de entrada |
Brujería |
| Subdivisión general |
Historia |
| 9 (RLIN) |
63208 |
| 650 #7 - PUNTO DE ACCESO ADICIONAL DE MATERIA--TÉRMINO DE MATERIA |
| Término de materia o nombre geográfico como elemento de entrada |
Magia |
| Subdivisión general |
Historia |
| 9 (RLIN) |
107719 |
| 650 #7 - PUNTO DE ACCESO ADICIONAL DE MATERIA--TÉRMINO DE MATERIA |
| Término de materia o nombre geográfico como elemento de entrada |
Ritos y ceremonias |
| Subdivisión general |
Historia |
| 9 (RLIN) |
107448 |
| 650 #7 - PUNTO DE ACCESO ADICIONAL DE MATERIA--TÉRMINO DE MATERIA |
| Término de materia o nombre geográfico como elemento de entrada |
Signos y símbolos |
| Subdivisión general |
Historia |
| 9 (RLIN) |
94399 |
| 900 ## - ELEMENTOS DE DATOS A LOCAL, LDA (RLIN) |
| Nombre de persona |
CECY |
| Numeración |
30 |
| Títulos y otros términos asociados al nombre |
20160204 |
| Lenguaje de la obra |
MOR01 |
| -- |
1520 |
| 900 ## - ELEMENTOS DE DATOS A LOCAL, LDA (RLIN) |
| Nombre de persona |
CECY |
| Numeración |
30 |
| Títulos y otros términos asociados al nombre |
20160204 |
| Lenguaje de la obra |
MOR01 |
| -- |
1521 |
| 900 ## - ELEMENTOS DE DATOS A LOCAL, LDA (RLIN) |
| Nombre de persona |
CECY |
| Numeración |
30 |
| Títulos y otros términos asociados al nombre |
20160204 |
| Lenguaje de la obra |
MOR01 |
| -- |
1521 |
| 900 ## - ELEMENTOS DE DATOS A LOCAL, LDA (RLIN) |
| Nombre de persona |
CECY |
| Numeración |
30 |
| Títulos y otros términos asociados al nombre |
20160208 |
| Lenguaje de la obra |
MOR01 |
| -- |
1538 |
| 900 ## - ELEMENTOS DE DATOS A LOCAL, LDA (RLIN) |
| Nombre de persona |
CECY |
| Numeración |
30 |
| Títulos y otros términos asociados al nombre |
20160208 |
| Lenguaje de la obra |
MOR01 |
| -- |
1539 |
| 900 ## - ELEMENTOS DE DATOS A LOCAL, LDA (RLIN) |
| Nombre de persona |
CECY |
| Numeración |
30 |
| Títulos y otros términos asociados al nombre |
20160208 |
| Lenguaje de la obra |
MOR01 |
| -- |
1540 |
| 900 ## - ELEMENTOS DE DATOS A LOCAL, LDA (RLIN) |
| Nombre de persona |
CECY |
| Numeración |
30 |
| Títulos y otros términos asociados al nombre |
20160208 |
| Lenguaje de la obra |
MOR01 |
| -- |
1541 |
| 900 ## - ELEMENTOS DE DATOS A LOCAL, LDA (RLIN) |
| Nombre de persona |
CECY |
| Numeración |
30 |
| Títulos y otros términos asociados al nombre |
20160208 |
| Lenguaje de la obra |
MOR01 |
| -- |
1541 |
| 900 ## - ELEMENTOS DE DATOS A LOCAL, LDA (RLIN) |
| Nombre de persona |
KLASY |
| Numeración |
30 |
| Títulos y otros términos asociados al nombre |
20160215 |
| Lenguaje de la obra |
MOR01 |
| -- |
1529 |
| 900 ## - ELEMENTOS DE DATOS A LOCAL, LDA (RLIN) |
| Nombre de persona |
LUIS |
| Numeración |
02 |
| Títulos y otros términos asociados al nombre |
20151008 |
| Lenguaje de la obra |
MOR01 |
| -- |
1126 |
| 900 ## - ELEMENTOS DE DATOS A LOCAL, LDA (RLIN) |
| Nombre de persona |
LUIS |
| Numeración |
02 |
| Títulos y otros términos asociados al nombre |
20151008 |
| Lenguaje de la obra |
MOR01 |
| -- |
1126 |
| 900 ## - ELEMENTOS DE DATOS A LOCAL, LDA (RLIN) |
| Nombre de persona |
MARC21 |
| Numeración |
40 |
| Títulos y otros términos asociados al nombre |
20190805 |
| Lenguaje de la obra |
MOR01 |
| -- |
1258 |
| 900 ## - ELEMENTOS DE DATOS A LOCAL, LDA (RLIN) |
| Nombre de persona |
VOBO |
| Numeración |
40 |
| Títulos y otros términos asociados al nombre |
20160411 |
| Lenguaje de la obra |
MOR01 |
| -- |
1440 |
| 904 ## - ELEMENTOS DE DATOS D LOCAL, LDD (RLIN) |
| a |
UPDATE |
| 942 ## - ELEMENTOS DE ENTRADA SECUNDARIOS (KOHA) |
| Código de la institución [OBSOLETO] |
BK |
| 901 ## - ELEMENTOS DE DATOS A LOCAL LDA (RLIN) |
| a |
batch batch |